|
|
|
|
| LEADER |
01833nam a2200313 a 4500 |
| 001 |
GR-MES17190 |
| 008 |
150526s2013 gr gz 000 0 gre d |
| 040 |
|
|
|a GrPaTEI
|b gre
|c GR-PaULI
|
| 040 |
|
|
|a GrPaTEI
|b gre
|c GR-PaULI
|
| 100 |
1 |
|
|a Συνοδινού, Αγγελική
|
| 245 |
1 |
0 |
|a Ανάπτυξη εφαρμογής για κινητά τηλέφωνα προκειμένου να εμφανίζει στατιστικά και να διενεργεί αναλύσεις σε δείγμα data feed από τα public streams που παρέχει το twitter /
|c Σπουδάστρια: Συνοδινού Αγγελική ; Επιβλέπων: Αλεφραγκής Παναγιώτης, Βώρος Νικόλαος.
|
| 260 |
|
|
|a Ναύπακτος :
|b ΤΕΙ Μεσολογγίου,
|c 2013
|
| 300 |
|
|
|a 181 σ. :
|b εικ., πιν.
|
| 504 |
|
|
|a Βιβλιογραφία: σ. 179-181
|
| 610 |
2 |
4 |
|a Τμήμα Μηχανικών Πληροφορικής Τ.Ε. (Αντίρριο)
|
| 650 |
|
0 |
|a Android (Ηλεκτρονικές πηγές)
|
| 650 |
|
0 |
|a Sosial media
|
| 650 |
|
0 |
|a Twitter
|
| 650 |
|
4 |
|a Κινητά επικοινωνιακά συστήματα
|
| 650 |
|
4 |
|a Πτυχιακή εργασία
|y 2013
|
| 700 |
1 |
|
|a Αλεφραγκής, Παναγιώτης
|
| 700 |
1 |
|
|a Βώρος, Νικόλαος
|
| 710 |
0 |
|
|a ΤΕΙ Μεσολογγίου
|
| 710 |
2 |
|
|a Τμήμα Τηλεπικοινωνιακών Συστημάτων και Δικτύων
|
| 856 |
4 |
0 |
|u https://nereus.library.upatras.gr/formermes//ptyxiakes/ste/ste_cied/2011-2015/582pe.pdf
|
| 942 |
|
|
|2 ddc
|
| 952 |
|
|
|0 0
|1 0
|2 ddc
|4 0
|7 0
|9 275283
|a MSLG
|b MSLG
|c BSC
|d 2021-01-17
|e 24
|f 0
|g 0.00
|l 0
|p 24200582
|r 2021-01-17 00:00:00
|t 1
|v 2021.00
|w 2021-01-17
|y BK15
|x 20150526 0 A.I. 0
|x GrPaTEI
|
| 971 |
|
|
|a .b25832396
|b 15-04-20
|c 13-09-16
|
| 999 |
|
|
|c 159467
|d 159467
|